Scottish food and drink slideshow Quiz Stats

 Plays Quiz not verified by Sporcle

Score 0/30 Timer 09:00
3 Plays Today
% Correct
Haggis
93.9%
Whisky
92.1%
Porridge
91%
Shortbread
82.5%
Smoked salmon
74.1%
Scones
71%
Black pudding
64.5%
Irn Bru
55.7%
Oatcakes
55.2%
Mutton pie
54.5%
Deep fried Mars bar
51.4%
Macaroni pie
48.8%
Morning rolls
42.3%
Scotch broth
41.8%
Steak pie
37.8%
% Correct
Dundee cake
37.6%
Tablet
36.6%
Cock-a-leekie soup
33.1%
Tunnock's teacakes
29.1%
Mince and tatties
27.1%
Cullen skink (smoked haddock and potato soup)
27%
Edinburgh rock
23.5%
Finnan haddie (smoked haddock)
22.7%
Sliced (or Lorne or square) sausage
21.8%
Cranachan
21.4%
Potato scones
21.3%
Macaroon bars
20.2%
Clootie dumpling
16.8%
Stovies
12.2%
Black bun
8.8%

You're not logged in!

Compare scores with friends on all Sporcle quizzes.
OR
Log In

Show Comments

Extras

Top Quizzes Today


Score Distribution

Your Account Isn't Verified!

In order to create a playlist on Sporcle, you need to verify the email address you used during registration. Go to your Sporcle Settings to finish the process.

Report this User

Report this user for behavior that violates our Community Guidelines.

Details: